LEADER 01912oam 2200553 a 450 001 9910785179203321 005 20220929124955.0 010 $a1-61728-369-X 010 $z9781617611025$b(pbk) 035 $a(CKB)2670000000041846 035 $a(OCoLC)662453087 035 $a(CaPaEBR)ebrary10680828 035 $a(SSID)ssj0000415942 035 $a(PQKBManifestationID)12139567 035 $a(PQKBTitleCode)TC0000415942 035 $a(PQKBWorkID)10421981 035 $a(PQKB)10898517 035 $a(MiAaPQ)EBC3020690 035 $a(Au-PeEL)EBL3020690 035 $a(CaPaEBR)ebr10680828 035 $a(EXLCZ)992670000000041846 100 $a20080822d2009 uy 0 101 0 $aeng 135 $aurcn||||||||| 181 $ctxt 182 $cc 183 $acr 200 10$aDigital technologies in higher education$b[electronic resource] $esweeping expectations and actual effects /$fSarah Guri-Rosenblit 210 $aNew York $cNova Science Publishers$dcop. 2009 215 $a1 online resource (192 p.) 300 $aBibliographic Level Mode of Issuance: Monograph 311 $a1-60692-238-6 320 $aIncludes bibliographical references (p. [139]-166) and index 606 $aEnsenyament universitari$xEnsenyament assistit per ordinador 606 $aEnsenyament universitari$xEfecte de les innovacions tecnològiques 606 $aTecnologia educativa$2lemac 608 $aLlibres electrònics 615 04$aEnsenyament universitari$xEnsenyament assistit per ordinador 615 04$aEnsenyament universitari$xEfecte de les innovacions tecnològiques 615 07$aTecnologia educativa 676 $a378.1/734 700 $aGuri-Rozenblit$b Sarah$01477958 801 0$bMiAaPQ 801 1$bMiAaPQ 801 2$bMiAaPQ 906 $aBOOK 912 $a9910785179203321 996 $aDigital technologies in higher education$93693513 997 $aUNINA LEADER 02088nam 2200541 450 001 9910824581803321 005 20221119204011.0 010 $a1-913453-47-2 035 $a(MiAaPQ)EBC6961965 035 $a(Au-PeEL)EBL6961965 035 $a(CKB)21640100400041 035 $a(EXLCZ)9921640100400041 100 $a20221119d2022 uy 0 101 0 $aeng 135 $aurcnu|||||||| 181 $ctxt$2rdacontent 182 $cc$2rdamedia 183 $acr$2rdacarrier 200 04$aThe higher education personal tutor's and advisor's companion $etranslating theory into practice to improve student success /$fedited by Dave Lochtie, Andrew Stork and Ben W Walker ; foreword by Emily McIntosh and Liz Thomas ; in association with UKAT 205 $a1st ed. 210 1$aSt Albans :$cCritical Publishing,$d[2022] 210 4$d©2022 215 $a1 online resource (236 pages) 225 1 $aHigher Education 311 08$aPrint version: Lochtie, Dave The Higher Education Personal Tutor?s and Advisor?s Companion St Albans : Critical Publishing,c2022 9781913453459 320 $aIncludes bibliographical references and index. 330 $aStories of practice, with critical insights, from a range of higher education practitioners and settings providing professional learning and development for personal tutors and academic advisors. 410 0$aHigher Education 606 $aCounseling in higher education 606 $aMentoring in education 606 $aFaculty advisors 615 0$aCounseling in higher education. 615 0$aMentoring in education. 615 0$aFaculty advisors. 676 $a378.194 702 $aLochtie$b Dave 702 $aStork$b Andrew 702 $aWalker$b Ben$g(Ben W.), 702 $aMcIntosh$b Emily 702 $aThomas$b Liz 712 02$aUK Advising and Tutoring (UKAT), 801 0$bMiAaPQ 801 1$bMiAaPQ 801 2$bMiAaPQ 906 $aBOOK 912 $a9910824581803321 996 $aThe higher education personal tutor's and advisor's companion$94086160 997 $aUNINA LEADER 01888oam 2200529zu 450 001 9910145650503321 005 20241212215418.0 010 $a9781509091690 010 $a1509091696 035 $a(CKB)1000000000278231 035 $a(SSID)ssj0000395082 035 $a(PQKBManifestationID)12171896 035 $a(PQKBTitleCode)TC0000395082 035 $a(PQKBWorkID)10450575 035 $a(PQKB)11516732 035 $a(EXLCZ)991000000000278231 100 $a20160829d2006 uy 101 0 $aeng 181 $ctxt 182 $cc 183 $acr 200 10$a2006 Workshop on High Performance Switching and Routing : HPSR 2006 : Pozna?, Poland, June 7-9 2006 210 31$a[Place of publication not identified]$cIEEE$d2006 300 $aBibliographic Level Mode of Issuance: Monograph 311 08$a9780780395695 311 08$a0780395697 606 $aTelecommunication$xSwitching systems$vCongresses 606 $aPacket switching (Data transmission)$vCongresses 606 $aRouters (Computer networks)$vCongresses 606 $aOptical communications$vCongresses 606 $aElectrical & Computer Engineering$2HILCC 606 $aEngineering & Applied Sciences$2HILCC 606 $aTelecommunications$2HILCC 615 0$aTelecommunication$xSwitching systems 615 0$aPacket switching (Data transmission) 615 0$aRouters (Computer networks) 615 0$aOptical communications 615 7$aElectrical & Computer Engineering 615 7$aEngineering & Applied Sciences 615 7$aTelecommunications 712 02$aIEEE Communications Society 712 12$aWorkshop on High Performance Switching and Routing 801 0$bPQKB 906 $aPROCEEDING 912 $a9910145650503321 996 $a2006 Workshop on High Performance Switching and Routing : HPSR 2006 : Pozna?, Poland, June 7-9 2006$92528473 997 $aUNINA